al-Muʻadhdhabāt fī al-arḍ, (Record no. 46016)

MARC details
000 -LEADER
fixed length control field 00640cam a22001931 4500
001 - CONTROL NUMBER
control field ne 63001265
003 - CONTROL NUMBER IDENTIFIER
control field DLC
005 - DATE AND TIME OF LATEST TRANSACTION
control field 20260227111747.0
008 - FIXED-LENGTH DATA ELEMENTS--GENERAL INFORMATION
fixed length control field 820531q19601969ua 000 1 ararc
010 ## - LIBRARY OF CONGRESS CONTROL NUMBER
LC control number ne 63001265
035 ## - SYSTEM CONTROL NUMBER
System control number (OCoLC)8478552
040 ## - CATALOGING SOURCE
Original cataloging agency Princeton Univ. Libr.
Transcribing agency TU
Modifying agency TU
-- DLC
042 ## - AUTHENTICATION CODE
Authentication code premarc
050 00 - LIBRARY OF CONGRESS CALL NUMBER
Classification number PJ7860.A5
Item number M8
100 1# - MAIN ENTRY--PERSONAL NAME
Personal name Ramādī, Muḥammad Jamāl al-Dīn.
245 13 - TITLE STATEMENT
Title al-Muʻadhdhabāt fī al-arḍ,
Remainder of title wa-qiṣaṣ ukhrā ʻArabīyah wa-Gharbīyah.
Statement of responsibility, etc. [taʼlīf] Jamāl al-Dīn al-Ramādī.
260 ## - PUBLICATION, DISTRIBUTION, ETC.
Place of publication, distribution, etc. [al-Qāhirah]
Name of publisher, distributor, etc. Dār al-Nahḍah al-ʻArabīyah.
Date of publication, distribution, etc. [1960,1969]
300 ## - PHYSICAL DESCRIPTION
Extent 414 p.
Dimensions 24 cm.

No items available.

Powered by Koha